| 000 | 00705nam a22001937a 4500 | ||
|---|---|---|---|
| 005 | 20140916104233.0 | ||
| 010 | _aENG-110857 | ||
| 020 |
_a9788175417458 _c550.00 |
||
| 035 | _aEN-94389 | ||
| 037 | _bDBAD/PUB | ||
| 082 | _a370.954 | ||
| 245 |
_aEducation of Muslims : _cedited by J.S. Rajput; foreworded by Sirajuddin Qureshi _bIslamic perspective of knowledge and education-Indian context / |
||
| 260 |
_aNew Delhi _bShipra Publications _c2014 |
||
| 270 |
_aLG-18-19, Pankaj Central Market, Patparganj _bNew Delhi _e110092 |
||
| 300 |
_axvii,411p. _c23cm(pbk) |
||
| 500 | _aIncludes bibliographical references and index | ||
| 700 | _aRajput, J.S. | ||
| 942 |
_2ddc _cEN _mEDU _h370.954 |
||
| 999 |
_c88631 _d88631 |
||